[Event "22.Deutsche Senioreneinzelmeisterschaft"]
[Site "Berlin-Spandau"]
[Date "2010.08.16"]
[Round "1.53"]
[White "Skorna, Ullrich"]
[Black "Weller, Friedhelm"]
[Result "1-0"]
[WhiteElo "2014"]
[BlackElo "1685"]
[EventDate "2010.08.??"]
[PlyCount "89"]
[EventType "swiss"]
[EventRounds "9"]
[EventCountry "GER"]

1.e4 c5 2.b3 e6 3.Bb2 Nc6 4.Bb5 Qc7 5.Nf3 a6 6.Bxc6 bxc6 7.O-O d6 8.d3 Ne7
9.Nbd2 Ng6 10.a4 a5 11.h3 Ba6 12.Nc4 f6 13.Re1 Be7 14.Nfd2 O-O 15.Bc3 Bc8 
16.Qe2 Nf4 17.Qf3 e5 18.Ne3 Be6 19.Nf5 Bd8 20.Kh2 Qd7 21.g3 Nxh3 22.Kxh3 
g6 23.g4 gxf5 24.gxf5 Bf7 25.Rg1+ Kh8 26.Rg3 Bc7 27.Qg4 Rg8 28.Qh4 Rxg3+ 
29.Kxg3 Rg8+ 30.Kf3 Qc8 31.Rh1 Rg7 32.Ke2 d5 33.f4 d4 34.fxe5 Bxe5 35.Nf3 
Qg8 36.Nxe5 fxe5 37.Bd2 Rg2+ 38.Kd1 Qg4+ 39.Qxg4 Rxg4 40.Bxa5 Kg7 41.Bc7 
Kf6 42.Rxh7 c4 43.bxc4 Rg1+ 44.Kd2 Rg2+ 45.Kc1 1-0

[Event "22.Deutsche Senioreneinzelmeisterschaft"]
[Site "Berlin-Spandau"]
[Date "2010.08.16"]
[Round "1.54"]
[White "Blosze, Winfried"]
[Black "Wiemer, Juergen"]
[Result "0-1"]
[WhiteElo "1684"]
[BlackElo "2011"]
[EventDate "2010.08.??"]
[PlyCount "76"]
[EventType "swiss"]
[EventRounds "9"]
[EventCountry "GER"]

1.e4 e5 2.Nf3 Nc6 3.Bb5 Nf6 4.O-O d6 5.Re1 Bd7 6.c3 a6 7.Ba4 b5 8.Bc2 Be7 
9.d4 Bg4 10.Be3 O-O 11.Nbd2 Bh5 12.Nf1 exd4 13.cxd4 d5 14.Ng3 Bg6 15.e5 
Ne4 16.Rc1 Nb4 17.Nxe4 dxe4 18.Nd2 Nd3 19.Bxd3 exd3 20.Qb3 Qd7 21.Red1 c6 
22.Qc3 Rfc8 23.f3 Qd5 24.Qb3 a5 25.Qxd5 cxd5 26.Nb3 Rc4 27.Nc5 Rc8 28.b3 
Rc2 29.Nb7 Ba3 30.Ra1 Re2 31.Bf4 Rcc2 32.g4 h5 33.Nd6 hxg4 34.fxg4 Bb2 35.
Rab1 Rg2+ 36.Kh1 Rxg4 37.Bg3 Bxd4 38.Nxb5 Be4# 0-1

[Event "22.Deutsche Senioreneinzelmeisterschaft"]
[Site "Berlin-Spandau"]
[Date "2010.08.16"]
[Round "1.55"]
[White "Dahlhaus, Friedhelm"]
[Black "Vogel, Wilfrid"]
[Result "1-0"]
[WhiteElo "2010"]
[BlackElo "1681"]
[EventDate "2010.08.??"]
[PlyCount "73"]
[EventType "swiss"]
[EventRounds "9"]
[EventCountry "GER"]

1.e4 c5 2.Nf3 d6 3.d4 cxd4 4.Nxd4 a6 5.c4 g6 6.Nc3 Bg7 7.Be3 Nc6 8.Be2 Nf6
9.Rc1 O-O 10.O-O Bd7 11.Qd2 Rc8 12.f3 Ne8 13.Rfd1 Ne5 14.b3 Nc7 15.a4 f5 
16.exf5 Bxf5 17.Nxf5 Rxf5 18.f4 Nd7 19.Bg4 Rf8 20.Nd5 Rb8 21.Bd4 Nf6 22.
Bb6 Nxg4 23.Bxc7 Qd7 24.Bxb8 Rxb8 25.Qe2 Re8 26.h3 Nf6 27.c5 Nxd5 28.Rxd5 
Qc8 29.Qc4 Qe6 30.cxd6 Kf8 31.d7 Qe3+ 32.Kf1 Rd8 33.Re1 Qb6 34.a5 Qc6 35.
Qxc6 bxc6 36.Rd3 Bf6 37.Re6 1-0

[Event "22.Deutsche Senioreneinzelmeisterschaft"]
[Site "Berlin-Spandau"]
[Date "2010.08.16"]
[Round "1.56"]
[White "Fischer, Semen"]
[Black "Papenbrock, Volker"]
[Result "0-1"]
[WhiteElo "1678"]
[BlackElo "2010"]
[EventDate "2010.08.??"]
[PlyCount "77"]
[EventType "swiss"]
[EventRounds "9"]
[EventCountry "GER"]

1.Nc3 g6 2.d4 Bg7 3.Bf4 c5 4.e3 cxd4 5.exd4 Qb6 6.Nge2 d6 7.Qd2 Nc6 8.Be3 
Qa5 9.Nf4 Nf6 10.Be2 O-O 11.O-O e5 12.dxe5 dxe5 13.Nd3 Rd8 14.Qe1 Nd4 15.
Bd1 Bf5 16.Bxd4 exd4 17.Ne2 Qb6 18.Qb4 Qc7 19.Ng3 Be6 20.Qc5 Qxc5 21.Nxc5 
Bd5 22.Nd3 Rac8 23.Nb4 Bc4 24.Re1 Bf8 25.Nd3 Ba6 26.a3 Nd5 27.Ne2 Re8 28.
Kf1 Bg7 29.g3 Re4 30.Nec1 f5 31.f3 Ne3+ 32.Kg1 Ree8 33.Nb4 Bc4 34.Be2 a5 
35.Bxc4+ Rxc4 36.Nd5 Rxc2 37.Nd3 Rd2 38.Nxe3 dxe3 39.Rad1 0-1

[Event "22.Deutsche Senioreneinzelmeisterschaft"]
[Site "Berlin-Spandau"]
[Date "2010.08.16"]
[Round "1.57"]
[White "Jacob, Helmut"]
[Black "Bartle, Georg"]
[Result "1-0"]
[WhiteElo "2009"]
[BlackElo "1678"]
[EventDate "2010.08.??"]
[PlyCount "95"]
[EventType "swiss"]
[EventRounds "9"]
[EventCountry "GER"]

1.e4 d5 2.exd5 Qxd5 3.Nc3 Qa5 4.d4 c6 5.Nf3 Nf6 6.Ne5 Nbd7 7.Nc4 Qc7 8.Qf3
e6 9.Bf4 Qd8 10.O-O-O Nb6 11.Ne5 Be7 12.Kb1 O-O 13.Ne4 Nxe4 14.Qxe4 Nd5 
15.Bc1 Qb6 16.Qf3 a5 17.c4 Nf6 18.g4 Nd7 19.Nxd7 Bxd7 20.Bd3 Bf6 21.Bc2 a4
22.g5 Be7 23.Qd3 g6 24.h4 Qd8 25.f4 b5 26.h5 Qe8 27.Rh2 bxc4 28.Qxc4 c5 
29.dxc5 Rc8 30.Qd4 Bc6 31.Qe5 Bf3 32.hxg6 fxg6 33.Qxe6+ Rf7 34.Rf1 Bc6 35.
Qe5 Qf8 36.Bxg6 Rg7 37.Bd3 Be8 38.Bd2 Rxc5 39.Qd4 Bg6 40.Bxg6 hxg6 41.Bc3 
Bxg5 42.Qxg7+ Qxg7 43.Bxg7 Kxg7 44.fxg5 Rxg5 45.Rh4 Ra5 46.a3 g5 47.Rb4 
Kg6 48.Rc1 1-0

[Event "22.Deutsche Senioreneinzelmeisterschaft"]
[Site "Berlin-Spandau"]
[Date "2010.08.16"]
[Round "1.58"]
[White "Kaiser, Horst"]
[Black "Bondick, Karl-Heinz"]
[Result "0-1"]
[WhiteElo "1671"]
[BlackElo "2006"]
[EventDate "2010.08.??"]
[PlyCount "41"]
[EventType "swiss"]
[EventRounds "9"]
[EventCountry "GER"]

1.c4 e5 2.Nc3 Nf6 3.d3 d5 4.cxd5 Nxd5 5.Nf3 Nc6 6.g3 Nde7 7.Bg2 Nf5 8.O-O 
Be7 9.Bd2 O-O 10.Rc1 Be6 11.h3 f6 12.Kh2 Qd7 13.a3 a5 14.Ne4 Rac8 15.Nc5 
Bxc5 16.Rxc5 b6 17.Rc1 Ncd4 18.Nxd4 Nxd4 19.Rc3 a4 20.e3 Nb3 21.Qb1 0-1

[Event "22.Deutsche Senioreneinzelmeisterschaft"]
[Site "Berlin-Spandau"]
[Date "2010.08.16"]
[Round "1.59"]
[White "Hamm, Georg"]
[Black "Lueders, Guenther"]
[Result "1/2-1/2"]
[WhiteElo "2006"]
[BlackElo "1663"]
[EventDate "2010.08.??"]
[PlyCount "102"]
[EventType "swiss"]
[EventRounds "9"]
[EventCountry "GER"]

1.d4 d5 2.Nf3 Nf6 3.e3 e6 4.Bd3 Be7 5.Nbd2 Nbd7 6.O-O O-O 7.Qe2 c5 8.c3 
cxd4 9.exd4 h6 10.Ne5 Nb6 11.f4 Bd7 12.g4 Ne8 13.Ndf3 Nd6 14.Nxd7 Nxd7 15.
Re1 Re8 16.Qg2 g6 17.Qh3 Bf8 18.Ne5 Nf6 19.Re2 Nfe4 20.Rg2 Bg7 21.Be3 Rc8 
22.Rf1 a6 23.f5 Ng5 24.Bxg5 Qxg5 25.fxg6 fxg6 26.Nxg6 Nc4 27.Re2 b5 28.Qf3
Rc7 29.h4 Qd8 30.Qg3 Rc8 31.Rfe1 Rc6 32.g5 hxg5 33.hxg5 Qb6 34.Qh4 e5 35.
Bf5 Rxg6 36.Qh5 Rge6 37.Bh7+ Kf8 38.Rf2+ Ke7 39.Qf7+ Kd8 40.Qxg7 exd4 41.
Rxe6 Qxe6 42.Qf6+ Qxf6 43.Rxf6 dxc3 44.bxc3 Re3 45.g6 Rxc3 46.g7 Rg3+ 47.
Kf2 Rxg7 48.Rxa6 Rf7+ 49.Ke2 Re7+ 50.Kd3 Ne5+ 51.Kd4 Rxh7 1/2-1/2

[Event "22.Deutsche Senioreneinzelmeisterschaft"]
[Site "Berlin-Spandau"]
[Date "2010.08.16"]
[Round "1.60"]
[White "Schampel, Arno"]
[Black "Burstein, Garri"]
[Result "0-1"]
[WhiteElo "1662"]
[BlackElo "2006"]
[EventDate "2010.08.??"]
[PlyCount "132"]
[EventType "swiss"]
[EventRounds "9"]
[EventCountry "GER"]

1.Nf3 d5 2.c4 c6 3.cxd5 cxd5 4.g3 Nc6 5.d4 Nf6 6.Bg2 Bf5 7.a3 e6 8.O-O Bd6
9.Nc3 O-O 10.Nb5 Bb8 11.Nh4 Bg4 12.Nf3 Qb6 13.Qd3 a6 14.Nc3 Bxf3 15.exf3 
Qxd4 16.Qc2 Qc5 17.Qd1 Ba7 18.Bg5 Nd7 19.Rc1 Qa5 20.Bd2 Qd8 21.f4 Qf6 22.
b4 Nb6 23.Nb1 Nc4 24.Bc3 Bd4 25.Qd3 Bxc3 26.Rxc3 Rac8 27.Rfc1 Nd4 28.Kh1 
Nb5 29.R3c2 Nd4 30.Rc3 Rc6 31.h3 Rfc8 32.a4 g6 33.Qf1 Rd8 34.Kh2 Rb6 35.
Rxc4 dxc4 36.Rxc4 Qe7 37.Qe1 Qd7 38.a5 Rd6 39.Nc3 f5 40.Qe5 Nc6 41.Qc5 Rc8
42.Qb6 Nd8 43.Qxd6 Qxd6 44.Rxc8 Kg7 45.Rc5 Qd4 46.Rc8 Qd7 47.Rc5 Nf7 48.
Rc4 Kf6 49.g4 h6 50.Bf3 Nd8 51.Kg2 Nf7 52.Kg3 Nd6 53.Rc5 Qd8 54.Kg2 Ke7 
55.Kg1 b6 56.axb6 Qxb6 57.Re5 Kf7 58.Na2 Qd4 59.Re2 Qxf4 60.Kg2 e5 61.Bd5+
Kf6 62.f3 Qd4 63.Ba8 Nc4 64.Bb7 Ne3+ 65.Kg3 Qd3 66.Nc1 Qc4 0-1

[Event "22.Deutsche Senioreneinzelmeisterschaft"]
[Site "Berlin-Spandau"]
[Date "2010.08.16"]
[Round "1.61"]
[White "Andersen, Knut"]
[Black "Klevenow, Hellmut"]
[Result "1-0"]
[WhiteElo "2004"]
[BlackElo "1661"]
[EventDate "2010.08.??"]
[PlyCount "77"]
[EventType "swiss"]
[EventRounds "9"]
[EventCountry "GER"]

1.c4 c5 2.Nc3 Nf6 3.g3 Nc6 4.Bg2 g6 5.a3 Bg7 6.Rb1 a5 7.d3 O-O 8.Nf3 d6 9.
Bd2 e5 10.O-O Rb8 11.Ne1 Be6 12.Nc2 Nd7 13.Ne4 Qe7 14.b4 axb4 15.axb4 Nd4 
16.bxc5 dxc5 17.e3 Nxc2 18.Qxc2 f5 19.Nc3 Nf6 20.Rb6 Rfd8 21.Rfb1 e4 22.
dxe4 Bxc4 23.Nd5 Bxd5 24.exd5 Kh8 25.Qc4 Qc7 26.Bc3 Nd7 27.Bxg7+ Kxg7 28.
d6 Qxb6 29.Rxb6 Nxb6 30.Qxc5 Nd7 31.Qd4+ Nf6 32.g4 fxg4 33.e4 Rbc8 34.e5 
Rc1+ 35.Bf1 Nh5 36.e6+ Nf6 37.e7 Ra8 38.d7 Raa1 39.Qxa1 1-0

[Event "22.Deutsche Senioreneinzelmeisterschaft"]
[Site "Berlin-Spandau"]
[Date "2010.08.16"]
[Round "1.62"]
[White "Berger, Volkmar"]
[Black "Blab, Ludwig"]
[Result "0-1"]
[WhiteElo "1653"]
[BlackElo "2002"]
[EventDate "2010.08.??"]
[PlyCount "74"]
[EventType "swiss"]
[EventRounds "9"]
[EventCountry "GER"]

1.d4 Nf6 2.Nf3 g6 3.Bf4 Bg7 4.e3 O-O 5.h3 d6 6.Bd3 c5 7.c3 cxd4 8.exd4 e5 
9.Bg5 e4 10.Bxe4 Re8 11.Ne5 dxe5 12.d5 Qb6 13.Bxf6 Bxf6 14.Qc2 Nd7 15.O-O 
Nc5 16.Nd2 Bg5 17.Nc4 Qd8 18.d6 Be6 19.b4 Nxe4 20.Qxe4 Bxc4 21.Qxc4 Qxd6 
22.Rad1 Qe7 23.Rd5 Rac8 24.Qb3 Qc7 25.Rc5 Qb6 26.Rd5 Rcd8 27.Rc5 Re7 28.
Re1 Qd6 29.c4 Qd2 30.Qb1 f6 31.a3 b6 32.Rc6 Rd3 33.c5 e4 34.Kf1 e3 35.Re2 
Qd1+ 36.Qxd1 Rxd1+ 37.Re1 e2+ 0-1

[Event "22.Deutsche Senioreneinzelmeisterschaft"]
[Site "Berlin-Spandau"]
[Date "2010.08.16"]
[Round "1.63"]
[White "Kollberg, Lothar"]
[Black "Bockelmann, Rolf"]
[Result "1-0"]
[WhiteElo "2002"]
[BlackElo "1647"]
[EventDate "2010.08.??"]
[PlyCount "59"]
[EventType "swiss"]
[EventRounds "9"]
[EventCountry "GER"]

1.d4 Nf6 2.c4 e5 3.dxe5 Ng4 4.Bf4 Nc6 5.Nf3 Bc5 6.e3 f6 7.exf6 Qxf6 8.Nc3 
Nxf2 9.Kxf2 Qxf4 10.Nd5 Qd6 11.g3 O-O 12.Kg2 Ne5 13.Nd4 c6 14.Nf4 Qf6 15.
Bd3 d6 16.Rf1 Ng4 17.Qd2 Nxe3+ 18.Qxe3 Qxd4 19.Qe2 Bd7 20.Rad1 Qe3 21.Qh5 
g6 22.Bxg6 hxg6 23.Qxg6+ Kh8 24.Qh6+ Kg8 25.Qg6+ Kh8 26.Rde1 Qd2+ 27.Re2 
Qd4 28.Re7 Qd2+ 29.Kh1 Bf5 30.Rh7# 1-0

[Event "22.Deutsche Senioreneinzelmeisterschaft"]
[Site "Berlin-Spandau"]
[Date "2010.08.16"]
[Round "1.64"]
[White "Worschech, Roland"]
[Black "Beckel, Friedrich"]
[Result "0-1"]
[WhiteElo "1644"]
[BlackElo "2000"]
[EventDate "2010.08.??"]
[PlyCount "52"]
[EventType "swiss"]
[EventRounds "9"]
[EventCountry "GER"]

1.d4 Nf6 2.c4 g6 3.Nc3 d5 4.cxd5 Nxd5 5.Nxd5 Qxd5 6.e3 Bg7 7.Bd2 O-O 8.Ne2
Be6 9.Nc3 Qd7 10.Be2 c5 11.dxc5 Rd8 12.Bf3 Na6 13.Na4 Qc7 14.Qc2 Rac8 15.
Rc1 b5 16.Be2 Qc6 17.Bf3 Bd5 18.e4 Be6 19.Nc3 Nb4 20.Qb1 Nd3+ 21.Kd1 Nxc1 
22.Qxc1 Qxc5 23.a3 a5 24.g3 b4 25.axb4 axb4 26.Ne2 Qd4 0-1

[Event "22.Deutsche Senioreneinzelmeisterschaft"]
[Site "Berlin-Spandau"]
[Date "2010.08.16"]
[Round "1.65"]
[White "Troeger, Rainer"]
[Black "Paetzold, Horst"]
[Result "1-0"]
[WhiteElo "1999"]
[BlackElo "1641"]
[EventDate "2010.08.??"]
[PlyCount "49"]
[EventType "swiss"]
[EventRounds "9"]
[EventCountry "GER"]

1.Nf3 d5 2.g3 Nf6 3.Bg2 c6 4.d3 Bg4 5.h3 Bf5 6.Nbd2 h6 7.e4 dxe4 8.Nh4 Bh7
9.dxe4 e5 10.Qe2 Be7 11.O-O O-O 12.a4 Nbd7 13.Nf5 Bxf5 14.exf5 a6 15.Nc4 
Qc7 16.Re1 Bd6 17.a5 Nd5 18.Rd1 Be7 19.Bxd5 cxd5 20.Rxd5 f6 21.Be3 Rac8 
22.b3 Nc5 23.Nb6 Rcd8 24.Rxc5 Bxc5 25.Qc4+ 1-0

[Event "22.Deutsche Senioreneinzelmeisterschaft"]
[Site "Berlin-Spandau"]
[Date "2010.08.16"]
[Round "1.66"]
[White "Peter, Volkhard"]
[Black "Alder, Bodo"]
[Result "0-1"]
[WhiteElo "1640"]
[BlackElo "1998"]
[EventDate "2010.08.??"]
[PlyCount "96"]
[EventType "swiss"]
[EventRounds "9"]
[EventCountry "GER"]

1.e4 c5 2.d4 cxd4 3.c3 dxc3 4.Nxc3 Nc6 5.Nf3 d6 6.Bc4 e6 7.O-O Nf6 8.Qe2 
Be7 9.e5 dxe5 10.Nxe5 O-O 11.Rd1 Qa5 12.Bf4 Nxe5 13.Bxe5 a6 14.a3 b5 15.b4
Qb6 16.Bd3 Bb7 17.Bd4 Qc6 18.f3 Rfd8 19.Be5 Rac8 20.Rac1 Qb6+ 21.Kf1 Bc6 
22.Ne4 Nd5 23.Nc5 Bxc5 24.Rxc5 Bb7 25.Bd4 Qd6 26.Be5 Qe7 27.Rdc1 Qg5 28.
Kf2 Rxc5 29.Rxc5 Qh4+ 30.Kg1 Qg5 31.Bc7 Rc8 32.Bd6 Rxc5 33.bxc5 Qc1+ 34.
Kf2 g6 35.Qe5 Qxa3 36.c6 Qa2+ 37.Kg3 Bxc6 38.Bf8 Kxf8 39.Qd6+ Ne7 40.Be4 
Be8 41.Qe5 Qa3 42.Qh8+ Ng8 43.h4 Qd6+ 44.Kh3 h5 45.g4 hxg4+ 46.Kxg4 f5+ 
47.Bxf5 exf5+ 48.Kh3 Qf6 0-1

[Event "22.Deutsche Senioreneinzelmeisterschaft"]
[Site "Berlin-Spandau"]
[Date "2010.08.16"]
[Round "1.67"]
[White "Shapiro, Yosip"]
[Black "Hopp, Barbara"]
[Result "1-0"]
[WhiteElo "1998"]
[BlackElo "1638"]
[EventDate "2010.08.??"]
[PlyCount "118"]
[EventType "swiss"]
[EventRounds "9"]
[EventCountry "GER"]

1.Nf3 d5 2.c4 Nf6 3.cxd5 Nxd5 4.g3 e6 5.Bg2 Nc6 6.O-O Be7 7.d3 O-O 8.Nc3 
Bf6 9.Ne4 Be7 10.Bd2 b6 11.a3 Bb7 12.b4 Nf6 13.b5 Nxe4 14.bxc6 Bxc6 15.
dxe4 Bxe4 16.Bf4 Rc8 17.Qa4 Qd5 18.Rfd1 Qb7 19.Rac1 b5 20.Qb3 c5 21.Bd6 
Bxd6 22.Rxd6 c4 23.Qb4 Rfd8 24.Rcd1 Rxd6 25.Qxd6 h6 26.Ne1 Bxg2 27.Nxg2 c3
28.Ne3 a5 29.Nc2 Kh7 30.Qd3+ g6 31.Qd7 Rc7 32.Qd6 Rc8 {=} 33.Qd7 Rc7 34.
Qe8 Re7 35.Qf8 Rd7 36.Rc1 Qc7 37.Qe8 Kg7 38.Qa8 Rd2 39.Qe4 Qc5 40.Kf1 Qd6 
41.Ke1 Qc5 42.h4 Qd6 43.f4 Rd5 44.Ne3 Rc5 45.Rd1 Qc7 46.Qd4+ Kh7 47.Ng4 c2
48.Nf6+ Kg7 49.Ne8+ Kf8 50.Nxc7 c1=Q 51.Qd8+ Kg7 52.Rxc1 Rxc1+ 53.Kd2 Rb1 
54.Ne8+ Kf8 55.g4 f5 56.g5 hxg5 57.hxg5 Rb2+ 58.Ke1 Rb3 59.Nf6+ Kg7 1-0

[Event "22.Deutsche Senioreneinzelmeisterschaft"]
[Site "Berlin-Spandau"]
[Date "2010.08.16"]
[Round "1.68"]
[White "Gimber, Robert"]
[Black "Thieme, Hans"]
[Result "0-1"]
[WhiteElo "1635"]
[BlackElo "1996"]
[EventDate "2010.08.??"]
[PlyCount "86"]
[EventType "swiss"]
[EventRounds "9"]
[EventCountry "GER"]

1.Nf3 c5 2.e4 e6 3.c4 d6 4.Nc3 Nf6 5.d4 cxd4 6.Nxd4 a6 7.Be2 Nbd7 8.O-O b6
9.Be3 Bb7 10.f3 Be7 11.Rc1 O-O 12.a3 Rc8 13.b4 Qc7 14.Qb3 Rfe8 15.Qb1 Qb8 
16.Na4 Bd8 17.Bf2 Bc7 18.Bg3 Nh5 19.f4 e5 20.Bxh5 exd4 21.Bf3 Nf6 22.Rfe1 
b5 23.Nb2 Qa8 24.Qd3 Nxe4 25.cxb5 d5 26.Na4 axb5 27.Nc5 Nxc5 28.bxc5 Bc6 
29.Qxd4 Qxa3 30.Rxe8+ Rxe8 31.Rd1 b4 32.f5 Bxg3 33.hxg3 h6 34.g4 Qc3 35.
Bxd5 Bxd5 36.Qxd5 Qe3+ 37.Kh2 b3 38.c6 b2 39.c7 Qf4+ 40.Kh1 Qxc7 41.Rb1 
Qc1+ 42.Qd1 Qxd1+ 43.Rxd1 Rc8 0-1

[Event "22.Deutsche Senioreneinzelmeisterschaft"]
[Site "Berlin-Spandau"]
[Date "2010.08.16"]
[Round "1.69"]
[White "Brauer, Christian"]
[Black "Bungter, Hans"]
[Result "1-0"]
[WhiteElo "1994"]
[BlackElo "1635"]
[EventDate "2010.08.??"]
[PlyCount "85"]
[EventType "swiss"]
[EventRounds "9"]
[EventCountry "GER"]

1.d4 d5 2.Bf4 e6 3.e3 Nf6 4.Nd2 Bd6 5.c3 c6 6.Bd3 Qc7 7.Bxd6 Qxd6 8.f4 
Nbd7 9.Ngf3 c5 10.Ne5 b6 11.O-O O-O 12.g4 g6 13.Rf3 Bb7 14.Rh3 cxd4 15.
exd4 Ne4 16.Qe1 Nxe5 17.fxe5 Qe7 18.Nxe4 dxe4 19.Bxe4 Bxe4 20.Qxe4 f5 21.
gxf5 exf5 22.Qg2 b5 23.Re1 Rad8 24.Rd3 Rd6 25.Qf2 Re6 26.Qe2 Rd8 27.Qe3 
Qb7 28.Rd2 a5 29.b3 Rde8 30.c4 bxc4 31.bxc4 Qb4 32.Qd3 Qe7 33.Rb1 Rd8 34.
Qe3 Qc7 35.c5 Rb8 36.Rxb8+ Qxb8 37.Qb3 Qxb3 38.axb3 Kf7 39.Ra2 Re7 40.Rxa5
Ke6 41.c6 g5 42.Rc5 Rc7 43.b4 1-0

[Event "22.Deutsche Senioreneinzelmeisterschaft"]
[Site "Berlin-Spandau"]
[Date "2010.08.16"]
[Round "1.70"]
[White "Finzer, Lothar"]
[Black "Nuenchert, Eveline"]
[Result "0-1"]
[WhiteElo "1631"]
[BlackElo "1990"]
[EventDate "2010.08.??"]
[PlyCount "124"]
[EventType "swiss"]
[EventRounds "9"]
[EventCountry "GER"]

1.d4 Nf6 2.c4 d6 3.Nc3 Nbd7 4.h3 e5 5.Bg5 Be7 6.e3 O-O 7.Rc1 c6 8.Bd3 Qa5 
9.Bh4 Re8 10.Ne2 Nf8 11.O-O a6 12.Bb1 Bd7 13.c5 exd4 14.cxd6 Bxd6 15.Bxf6 
gxf6 16.Qxd4 Qe5 17.Qf4 Bb8 18.Rfd1 Kg7 19.Rd4 Qg5 20.Qxg5+ fxg5 21.Ne4 h6
22.Nc5 Bc8 23.Rcd1 Bc7 24.b3 Ne6 25.Rc4 a5 26.Ne4 Rd8 27.Rxd8 Nxd8 28.N4g3
Be6 29.Nh5+ Kf8 30.Rc1 a4 31.Nd4 axb3 32.axb3 Bd7 33.Nb5 Be5 34.f4 Bb2 35.
Rc2 Bh8 36.Nd6 Ra1 37.Rc1 Ke7 38.Nc4 Bf5 39.Nd2 Bd3 40.Kf2 b5 41.Re1 Bxb1 
42.Rxb1 Rxb1 43.Nxb1 Ne6 44.Ke2 Nc5 45.Ng3 Ke6 46.fxg5 hxg5 47.Nd2 f5 48.
Nf3 Bf6 49.Nd4+ Bxd4 50.exd4 Nxb3 51.Kd3 Na5 52.Kc3 Nb7 53.Kb4 Nd6 54.Nf1 
Kd5 55.Nd2 g4 56.Nb3 gxh3 57.gxh3 f4 58.Kc3 Nf5 59.Kd3 b4 60.Kd2 Nxd4 61.
Nxd4 Kxd4 62.h4 Ke4 0-1

[Event "22.Deutsche Senioreneinzelmeisterschaft"]
[Site "Berlin-Spandau"]
[Date "2010.08.16"]
[Round "1.71"]
[White "Wuensch, Ulrich"]
[Black "Grimm, Willi"]
[Result "1/2-1/2"]
[WhiteElo "1985"]
[BlackElo "1629"]
[EventDate "2010.08.??"]
[PlyCount "94"]
[EventType "swiss"]
[EventRounds "9"]
[EventCountry "GER"]

1.d4 Nf6 2.Nf3 e6 3.e3 d5 4.Bd3 Be7 5.O-O Nbd7 6.Nbd2 O-O 7.Qe2 c5 8.c3 
Qc7 9.e4 dxe4 10.Nxe4 b6 11.dxc5 bxc5 12.Bg5 Bb7 13.Ned2 Rad8 14.Rad1 Kh8 
15.Nc4 Bxf3 16.Qxf3 Ne5 17.Nxe5 Qxe5 18.Bh4 Qd5 19.Qh3 Qh5 20.Bxf6 Qxh3 
21.Bxg7+ Kxg7 22.gxh3 Rd6 23.Be2 Rfd8 24.Rxd6 Rxd6 25.Rd1 Rxd1+ 26.Bxd1 f5
27.Kg2 Kf6 28.f4 Bd6 29.Kf3 e5 30.fxe5+ Bxe5 31.Kg2 Kg5 32.Be2 h5 33.Ba6 
h4 34.a4 Kf4 35.Bd3 a5 36.Kf2 Bd6 37.Bc2 Kg5 38.Kf3 Bxh2 39.Bd3 Bd6 40.Bc2
Be5 41.Ke3 Bd6 42.Bd1 Bf4+ 43.Kf3 Bc1 44.b3 Bb2 45.c4 Bd4 46.Bc2 Bg1 47.
Kg2 Bd4 1/2-1/2

[Event "22.Deutsche Senioreneinzelmeisterschaft"]
[Site "Berlin-Spandau"]
[Date "2010.08.16"]
[Round "1.72"]
[White "Luft, Helga"]
[Black "Just, Joachim"]
[Result "0-1"]
[WhiteElo "1625"]
[BlackElo "1982"]
[EventDate "2010.08.??"]
[PlyCount "124"]
[EventType "swiss"]
[EventRounds "9"]
[EventCountry "GER"]

1.d4 e6 2.c4 f5 3.Nc3 Bb4 4.Nf3 Nf6 5.Qc2 b6 6.a3 Bxc3+ 7.bxc3 Bb7 8.a4 
O-O 9.a5 Be4 10.Qb3 Nc6 11.axb6 axb6 12.Rxa8 Qxa8 13.e3 Na5 14.Qd1 Bb7 15.
Be2 Ne4 16.Bb2 d6 17.O-O Ba6 18.Qa4 Qd8 19.Re1 Qe7 20.Qb4 Bb7 21.Ba3 Nc6 
22.Qb3 Qf7 23.Rc1 Kh8 24.Bb4 Ra8 25.d5 exd5 26.cxd5 Nxb4 27.Qxb4 Bxd5 28.
c4 Bb7 29.Bd1 Nc5 30.Qc3 Qe7 31.Ra1 Re8 32.Nd4 Qe5 33.Bf3 Be4 34.Ra7 Ne6 
35.Nb5 Qc5 36.Bxe4 fxe4 37.Qb3 d5 38.Na3 d4 39.g3 Qe5 40.Qb5 Qxb5 41.Nxb5 
d3 42.Kf1 Rc8 43.Ke1 h6 44.Nc3 Nc5 45.Nd5 Nb3 46.Nf4 Na5 47.c5 Nb3 48.c6 
Na5 49.Ng6+ Kh7 50.Ne7 Rf8 51.Rxc7 d2+ 52.Kxd2 Rxf2+ 53.Kc3 Rxh2 54.Nf5 
Kg6 55.Nd6 Rh1 56.Nxe4 Rc1+ 57.Kd3 Rxc6 58.Rd7 Nc4 59.Kd4 Nb2 60.Nc3 Rc4+ 
61.Ke5 Rxc3 62.Kf4 Nd3+ 0-1

[Event "22.Deutsche Senioreneinzelmeisterschaft"]
[Site "Berlin-Spandau"]
[Date "2010.08.16"]
[Round "1.73"]
[White "Budt, Karl-Heinz"]
[Black "Sube, Guenter"]
[Result "1-0"]
[WhiteElo "1981"]
[BlackElo "1624"]
[EventDate "2010.08.??"]
[PlyCount "63"]
[EventType "swiss"]
[EventRounds "9"]
[EventCountry "GER"]

1.d4 Nf6 2.c4 e6 3.Nf3 b6 4.g3 Bb7 5.Bg2 Be7 6.O-O d6 7.Nc3 Nbd7 8.d5 e5 
9.e4 h6 10.Nh4 Bc8 11.Nf5 Bf8 12.Bd2 g6 13.Ne3 h5 14.b4 Bh6 15.Nc2 Bxd2 
16.Qxd2 a6 17.f4 exf4 18.gxf4 Nh7 19.Nd4 O-O 20.Nc6 Qh4 21.f5 Bb7 22.Rf4 
Qg5 23.h4 Qh6 24.fxg6 Bxc6 25.gxh7+ Kxh7 26.dxc6 Ne5 27.Raf1 Rg8 28.Nd5 
Rg6 29.Rxf7+ Nxf7 30.Rxf7+ Kg8 31.Qxh6 Rxh6 32.Re7 1-0

[Event "22.Deutsche Senioreneinzelmeisterschaft"]
[Site "Berlin-Spandau"]
[Date "2010.08.16"]
[Round "1.74"]
[White "Scholtyssek, Werner"]
[Black "Mueller, Waldemar"]
[Result "1/2-1/2"]
[WhiteElo "1623"]
[BlackElo "1976"]
[EventDate "2010.08.??"]
[PlyCount "114"]
[EventType "swiss"]
[EventRounds "9"]
[EventCountry "GER"]

1.c4 c5 2.Nc3 Nc6 3.Nf3 e5 4.g3 Nf6 5.d3 Be7 6.Bg2 O-O 7.a3 d5 8.cxd5 Nxd5
9.Nxe5 Nxc3 10.Nxc6 Nxd1 11.Nxd8 Nxf2 12.Kxf2 Rxd8 13.Be3 Rb8 14.Rac1 b6 
15.Rc2 Bb7 16.Rhc1 Bxg2 17.Kxg2 h5 18.Rc4 Rd5 19.R1c2 Re8 20.Bc1 f5 21.h4 
Bf6 22.Kf3 Kf7 23.b4 cxb4 24.Rc7+ Kg6 25.axb4 a5 26.bxa5 bxa5 27.R2c4 Ra8 
28.Ra4 Ra6 29.Bd2 Bd8 30.Rcc4 Re6 31.Bc3 Bb6 32.Bd4 Bd8 33.Bc3 Kf7 34.Rd4 
Red6 35.e3 Bb6 36.Rxd5 Rxd5 37.Bd4 Bxd4 38.exd4 Ke6 39.Kf4 Rb5 40.Kf3 g6 
41.Ke3 Kd6 42.Kf4 Kc6 43.Ke3 Kb6 44.Rc4 Rd5 45.Kd2 Rd6 46.Kc3 Rd5 47.Kd2 
Kb5 48.Kc3 Kb6 49.Rc8 Rd6 50.Rc5 Rf6 51.Re5 Rc6+ 52.Kb3 Rd6 53.Kc4 a4 54.
Rb5+ Ka6 55.Rb1 Ka5 56.Kc5 Rd8 57.Rb5+ Ka6 1/2-1/2

[Event "22.Deutsche Senioreneinzelmeisterschaft"]
[Site "Berlin-Spandau"]
[Date "2010.08.16"]
[Round "1.76"]
[White "Franke, Helmut"]
[Black "Leibovitch, Iziaslav"]
[Result "0-1"]
[WhiteElo "1622"]
[BlackElo "1958"]
[EventDate "2010.08.??"]
[PlyCount "52"]
[EventType "swiss"]
[EventRounds "9"]
[EventCountry "GER"]

1.f4 g6 2.Nf3 Bg7 3.g3 Nf6 4.Bg2 O-O 5.O-O d6 6.d3 c6 7.e4 Qb6+ 8.Kh1 Nbd7
9.d4 Nxe4 10.c3 Ndf6 11.Nh4 d5 12.Qe2 Bg4 13.Qe3 Bh6 14.h3 Bd7 15.Nd2 Nxd2
16.Bxd2 Ne4 17.Kh2 Nxd2 18.Qxd2 Rae8 19.Rae1 f6 20.Qe2 e6 21.Qc2 c5 22.
dxc5 Qxc5 23.b4 Qc7 24.Rd1 Bb5 25.Rfe1 Bxf4 26.Nxg6 Bxg3+ 0-1

[Event "22.Deutsche Senioreneinzelmeisterschaft"]
[Site "Berlin-Spandau"]
[Date "2010.08.16"]
[Round "1.77"]
[White "Mueller, Lutz"]
[Black "Reichel, Rolf"]
[Result "1-0"]
[WhiteElo "1953"]
[BlackElo "1622"]
[EventDate "2010.08.??"]
[PlyCount "73"]
[EventType "swiss"]
[EventRounds "9"]
[EventCountry "GER"]

1.e4 c5 2.Nf3 Nc6 3.Nc3 d6 4.g3 e5 5.Bg2 Bg4 6.h3 Be6 7.O-O Qd7 8.Ng5 
O-O-O 9.d3 h6 10.Nxe6 fxe6 11.a3 Be7 12.Rb1 Nf6 13.b4 Ne8 14.bxc5 dxc5 15.
Be3 Nd4 16.f4 Bd6 17.Rf2 Bc7 18.f5 Ba5 19.fxe6 Qxe6 20.Nd5 Nd6 21.c3 N4b5 
22.Bxc5 b6 23.Bb4 Bxb4 24.axb4 Rd7 25.Qa4 Kb7 26.c4 Nc7 27.Ra1 Rg8 28.Rfa2
Kc8 29.Qd1 Nxd5 30.exd5 Qg6 31.c5 Nb5 32.Qf3 Rf7 33.Qg4+ Qxg4 34.hxg4 bxc5
35.bxc5 Nd4 36.Be4 Nc2 37.Rxc2 1-0

[Event "22.Deutsche Senioreneinzelmeisterschaft"]
[Site "Berlin-Spandau"]
[Date "2010.08.16"]
[Round "1.78"]
[White "Husser, Oskar"]
[Black "Nagorni, Walter"]
[Result "1/2-1/2"]
[WhiteElo "1620"]
[BlackElo "1949"]
[EventDate "2010.08.??"]
[PlyCount "110"]
[EventType "swiss"]
[EventRounds "9"]
[EventCountry "GER"]

1.Nf3 Nf6 2.c4 g6 3.g3 Bg7 4.Bg2 O-O 5.O-O c5 6.d4 cxd4 7.Nxd4 Nc6 8.Nc3 
Qb6 9.e3 d6 10.Qb3 Qxb3 11.axb3 Bd7 12.Bd2 Rfc8 13.Nce2 a6 14.Bc3 Rab8 15.
Rfd1 Nxd4 16.Nxd4 Bg4 17.f3 Bd7 18.Nc2 Bc6 19.e4 Nd7 20.Ne3 Nc5 21.b4 Ne6 
22.Bxg7 Kxg7 23.b3 Nc7 24.Bh3 Rd8 25.Kf2 b6 26.Nd5 Bxd5 27.exd5 Ra8 28.Re1
Kf8 29.Re2 Ra7 30.Rae1 Ne8 31.g4 g5 32.Kg3 Nf6 33.Ra2 Nd7 34.Rea1 Rda8 35.
Bf1 a5 36.Bd3 h6 37.Bf5 Ne5 38.f4 gxf4+ 39.Kxf4 Kg7 40.h4 f6 41.h5 Kf8 42.
Bc2 Ke8 43.Kf5 Kd7 44.Bd1 Kc7 45.Ke6 Kd8 46.Be2 Ke8 47.bxa5 bxa5 48.Ra4 
Nd7 49.b4 Nb6 50.Rxa5 Rxa5 51.bxa5 Nd7 52.Kf5 Kf7 53.Bd1 Nc5 54.Ba4 Ra7 
55.Bc2 Nb7 1/2-1/2